Statistiques concernant 10 B-pays les plus proches des Etats-Unis

Cliquez ici pour prendre le quiz!

Statistiques générales

  • Ce quiz a été pris 110 fois
  • Le résultat moyen est 7 sur 10

Statistiques - réponses

kmpays% Correct
931Belize
92%
85Bahamas
91%
4159Bolivie
91%
2831Brésil
81%
2539Barbade
77%
4950Belgique
72%
6127Bosnie-
Herzégovine
54%
6629Bulgarie
54%
6050Biélorussie
48%
6840Burkina Faso
39%

Distribution des résultats

Percentile par nombre de réponses

% des personnes avec chaque résultat

Votre développement - résultats

Vous n’avez pas pris ce quiz